Science Quiz

Random Science or Math Quiz
Score 0/55 Timer 07:00
10 Plays Today
% Correct
Circulatory
89.1%
Digestive
88.9%
Respiratory
88.8%
Nervous
88.3%
Immune
87.8%
Skeletal
87.7%
Titanium
87%
Urinary
86.9%
Copper
86.8%
X-Ray
86.5%
Chloroplasts
86.4%
Cell Wall
86.1%
Ultraviolet
85.9%
Gamma Rays
85.4%
Infrared
85.1%
Microwave
85%
Gold
84.4%
Helium
83.5%
Mitochondria
83.2%
Silver
83.1%
Americium
83%
Endocrine
82.2%
Hydrogen
82.2%
Radio
81.9%
Visible
81.5%
Europium
81.4%
Tungsten
81.3%
Ribosomes
80%
% Correct
Earth
79.5%
Endoplasmic Reticulum
79.4%
Mercury
78.8%
Europa
78.5%
Nucleus
78.2%
Cadmium
76.7%
Vacuole
76.5%
Callisto
76.4%
Argon
75%
Neon
74.8%
Golgi Apparatus
74.7%
Manganese
73.8%
Io
73.6%
Lysosome
72.2%
Lithium
69.2%
Adenine
68%
Guanine
66.3%
Cytosine
66.1%
Sodium
64.9%
Rhodium
64.9%
Thymine
62.8%
Yttrium
61%
Alanine
60.6%
Glycine
60.4%
Cysteine
59.1%
Phenylalanine
46.1%
Proline
40.1%
Remove Ads.
Support Sporcle.
Get the best of Sporcle when you Go Orange. This ad-free experience offers more features, more stats, and more fun while also helping to support Sporcle. Thank you for becoming a member.

You're not logged in!

Compare scores with friends on all Sporcle quizzes.
OR
Log In

Show Comments

Extras

Top Quizzes Today


Score Distribution

Your Account Isn't Verified!

In order to create a playlist on Sporcle, you need to verify the email address you used during registration. Go to your Sporcle Settings to finish the process.

Report this User

Report this user for behavior that violates our Community Guidelines.

Details: